000 01782nam0a2200397 4500
001 RU\NLR\bibl\1330760
005 20250615163745.0
010 _a978-5-7749-0533-1
_91200
021 _aRU
_b2008-101248
_95958
035 _a(nilc)EL/0000245645
035 _aRU\USATU\books\221882
035 _a(NLR Aleph) 001315995
090 _a709470
_c709470
100 _a20090210d2009 |||y0rusy50 ca
101 0 _arus
102 _aRU
105 _aa |||||||||
200 1 _aИнновационный проект
_eметоды отбора и инструменты анализа рисков
_e[учебное пособие]
_fС. Я. Бабаскин
210 _aМосква
_cДело
_d2009 [т.е. 2008]
215 _a238 с.
_cил.
_d21
225 1 _aОбразовательные инновации
300 _aКн. фактически изд. в 2008 г.
320 _aБиблиогр. в конце гл.
606 1 _aИнновационные проекты
_jУчебные издания для высших учебных заведений
_yРоссийская Федерация
_92336555
_3RU\NLR\auth\661396907
606 1 _aИнвестиционные проекты
_jУчебные издания для высших учебных заведений
_yРоссийская Федерация
_92088879
_3RU\NLR\auth\661264529
686 _aУ9(2Рос)291.551(я75)
_vLBC/SL-A
_2rubbk
686 _aУ9(2)-55(2Р)я73
686 _aУ9(2)-56(2Р)я73
700 1 _aБабаскин
_bС. Я.
_gСергей Яковлевич
_4070
801 0 _aRU
_bUSATU
_c20090210
_gPSBO
801 1 _aRU
_bUSATU
_c20090210
_gPSBO
801 2 _aRU
_bUSATU
_c20090210
_gPSBO
801 2 _aRU
_bNLR
_c20090218
_grcr
942 _cBOOK
980 _aNB